Between the lines student's

Đã lưu trong:
Bibliografiske detaljer
Format: Bog
Udgivet: 1983
Tags: Tilføj Tag
Ingen Tags, Vær først til at tagge denne postø!
Thư viện lưu trữ: Mạng thư viện Đại học Đà Nẵng
LEADER 00430nam a22001811a 4500
001 000037603
003 13898
005 20160412020406.0
008 160412s1983 000
082 |a 4A(07)907 
245 |a Between the lines student's  |c Johnston 
260 |c 1983 
OWN |a LNN 
999 |a From the UDN01 
TYP |a Monograph 
980 |a Mạng thư viện Đại học Đà Nẵng